Some main problems of philosophy / (Record no. 1190)
[ view plain ]
| 000 -LEADER | |
|---|---|
| fixed length control field | 00873cam a22002531 4500 |
| 001 - CONTROL NUMBER | |
| control field | 1190 |
| 003 - CONTROL NUMBER IDENTIFIER | |
| rucl marc code | BD-RjUL |
| 005 - DATE AND TIME OF LATEST TRANSACTION | |
| control field | 20211208233306.0 |
| 008 - FIXED-LENGTH DATA ELEMENTS--GENERAL INFORMATION | |
| fixed length control field | 131125r19661953uk 001 0 eng |
| 035 ## - SYSTEM CONTROL NUMBER | |
| System control number | (BD-RjUL)1212 |
| 040 ## - CATALOGING SOURCE | |
| Original cataloging agency | DLC |
| Transcribing agency | OKentU |
| Modifying agency | OCoLC |
| -- | Uk |
| -- | DLC |
| -- | BD-RjUL |
| Language of cataloging | eng |
| 041 ## - LANGUAGE CODE | |
| Language code of text/sound track or separate title | eng |
| 082 04 - DEWEY DECIMAL CLASSIFICATION NUMBER | |
| Edition number | 23 |
| Classification number | 100 |
| Author mark and year | MOS 1966 |
| 100 1# - MAIN ENTRY--PERSONAL NAME | |
| Personal name | Moore, G. E. |
| Fuller form of name | (George Edward), |
| Dates associated with a name | 1873-1958. |
| 9 (RLIN) | 3470 |
| 245 10 - TITLE STATEMENT | |
| Title | Some main problems of philosophy / |
| Statement of responsibility, etc. | G. E. Moore. |
| 260 ## - PUBLICATION, DISTRIBUTION, ETC. (IMPRINT) | |
| Place of publication, distribution, etc. | London : |
| Name of publisher, distributor, etc. | Allen & Unwin ; |
| Place of publication, distribution, etc. | New York : |
| Name of publisher, distributor, etc. | Humanities Press , |
| Date of publication, distribution, etc. | 1953 [Impression 1965, 1966] |
| 300 ## - PHYSICAL DESCRIPTION | |
| Pagination | xii, 380 p. ; |
| Size | 22 cm. |
| 504 ## - BIBLIOGRAPHY, ETC. NOTE | |
| Bibliography, etc | Includes index. |
| 650 #0 - SUBJECT ADDED ENTRY--TOPICAL TERM | |
| Topical term or geographic name as entry element | Philosophy. |
| 9 (RLIN) | 3520 |
| 856 ## - ELECTRONIC LOCATION AND ACCESS | |
| Uniform Resource Identifier | <a href="http://www.worldcat.org/title/some-main-problems-of-philosophy/oclc/2139808&referer=brief_results">http://www.worldcat.org/title/some-main-problems-of-philosophy/oclc/2139808&referer=brief_results</a> |
| 942 ## - ADDED ENTRY ELEMENTS (KOHA) | |
| Source of classification or shelving scheme | Dewey Decimal Classification |
| Koha item type | Books |
| Lost status | Source of classification or shelving scheme | Damaged status | Not for loan | Collection code | Permanent Location | Current Location | Shelving location | Date acquired | Source of acquisition | Cost, normal purchase price | Total Checkouts | Full call number | Date last seen | Copy number | Koha item type |
|---|---|---|---|---|---|---|---|---|---|---|---|---|---|---|---|
| Dewey Decimal Classification | Non-fiction | Central Library, University of Rajshahi | Central Library, University of Rajshahi | 15/04/1967 | Sweets + Zeittlinger | 35.00 | 100 MOS 1965 | 25/11/2013 | C-10 | Books | |||||
| Dewey Decimal Classification | Added to bundle | Non-fiction | Central Library, University of Rajshahi | Central Library, University of Rajshahi | Reading Room | 07/04/1956 | Allies Books | 6.14 | 100 MOS 1953 | 29/03/2014 | C-1 | Books | |||
| Dewey Decimal Classification | Non-fiction | Central Library, University of Rajshahi | Central Library, University of Rajshahi | 21/01/1965 | Zeitlinger | 30.00 | 100 MOS 1962 | 29/03/2014 | C-4 | Books | |||||
| Dewey Decimal Classification | Non-fiction | Central Library, University of Rajshahi | Central Library, University of Rajshahi | 11/05/1968 | Zeitlinger | 35.00 | 100 MOS 1966 | 31/03/2014 | C-9 | Books | |||||
| Dewey Decimal Classification | Non-fiction | Central Library, University of Rajshahi | Central Library, University of Rajshahi | 21/01/1965 | Zeitlinger | 30.00 | 100 MOS 1962 | 31/03/2014 | C-3 | Books | |||||
| Dewey Decimal Classification | Non-fiction | Central Library, University of Rajshahi | Central Library, University of Rajshahi | 21/01/1965 | Zeitlinger | 30.00 | 100 MOS 1962 | 02/04/2014 | C-2 | Books | |||||
| Dewey Decimal Classification | Non-fiction | Central Library, University of Rajshahi | Central Library, University of Rajshahi | 11/05/1968 | Zeitlinger | 30.00 | 100 MOS 1962 | 10/03/2015 | C-5 | Books | |||||
| Dewey Decimal Classification | Non-fiction | Central Library, University of Rajshahi | Central Library, University of Rajshahi | 11/05/1968 | zeitlinger | 35.00 | 100 MOS 1966 | 20/01/2020 | C-6 | Books | |||||
| Dewey Decimal Classification | Non-fiction | Central Library, University of Rajshahi | Central Library, University of Rajshahi | 08/05/1968 | Zeitlinger | 35.00 | 100 MOS 1966 | 18/03/2021 | C-7 | Books | |||||
| Dewey Decimal Classification | Non-fiction | Central Library, University of Rajshahi | Central Library, University of Rajshahi | General Stacks | 10/05/1968 | Zeitlinger | 35.00 | 100 MOS 1966 | 22/09/2022 | C-10 | Books | ||||
| Dewey Decimal Classification | Non-fiction | Central Library, University of Rajshahi | Central Library, University of Rajshahi | General Stacks | 08/05/1968 | Zeitlinger | 35.00 | 100 MOS 1966 | 01/12/2024 | C-11 | Books |